| 000 -LEADER |
| fixed length control field |
00786nam a22001217a 4500 |
| 040 ## - CATALOGING SOURCE |
| Transcribing agency |
VONG PHANNITH, RUA |
| 082 ## - DEWEY DECIMAL CLASSIFICATION NUMBER |
| Classification number |
MGR SOP 2025 B707 Or.1 |
| 100 ## - MAIN ENTRY--AUTHOR NAME |
| Personal name |
SOPHAL , LAIKONG / សុផល ឡៃគង់ |
| 245 ## - TITLE STATEMENT |
| Title |
Evaluation of the feasibility of using extracted cashew nut shell for agricultural pest control, ការវាយតម្លៃលើលទ្ធភាពនៃការគ្រប់គ្រងកត្តាចង្រៃកសិកម្មដោយប្រើប្រាស់សូលុយស្យុងដែលបានយកចេញពីសំបកគ្រាប់ស្វាយចន្ទី |
| 260 ## - PUBLICATION, DISTRIBUTION, ETC. (IMPRINT) |
| Place of publication |
PHNOM PENH |
| Name of publisher |
RUA |
| Year of publication |
2025 |
| 300 ## - PHYSICAL DESCRIPTION |
| Number of Pages |
ix,74p. |
| Other physical details |
ill. |
| Dimensions |
29cm. |
| 942 ## - ADDED ENTRY ELEMENTS (KOHA) |
| Koha item type |
MGR |
| 952 ## - LOCATION AND ITEM INFORMATION (KOHA) |
| Withdrawn status [LOCAL, KOHA] |
0 |
| 952 ## - LOCATION AND ITEM INFORMATION (KOHA) |
| Withdrawn status [LOCAL, KOHA] |
0 |